000 00619nam a22002177a 4500
003 OSt
005 20140310182315.0
008 130920t xxu||||| |||| 00| 0 eng d
020 _a9789814070621
050 _aPE 1128
_b.Al425g5 2005
082 _aGS 428
_b Al5 2005
100 _aAllen, Rosemary
_921020
245 _aGrammar skills 5 /
_cRosemary Allen.
260 _aSingapore :
_bLearners Publiching,
_c2005.
300 _a118 p. :
_bill. ;
_c26 cm.
650 _aEnglich language
_vGrammar
_xProblems, exercises, etc.
_921021
942 _2lcc
_cBK
999 _c11732
_d11732